000
00298nam a2200109Ia 4500
008
230907s9999||||xx |||||||||||||| ||und||
082
_a
510
_b
KHO
100
_a
Khoromskij, Boris N.,
_9
116182
245
0
_a
Tensor numerical methods in scientific computing /
300
_a
x, 369 pages :
942
_c
BK
999
_c
601550
_d
601550